| 000 | 00675cam a22002172 4500 | ||
|---|---|---|---|
| 999 |
_c725 _d725 |
||
| 001 | 0000007345 | ||
| 003 | OSt | ||
| 005 | 20190517144234.0 | ||
| 008 | 080114s xx 000 0 eng d | ||
| 020 | _cKES 1,100 | ||
| 040 |
_aKABU _cKABU |
||
| 050 | 0 |
_aHF5635 _b.S776 2007 c. 1 |
|
| 110 | 2 |
_aStrathmore University. _bDistance Learning Centre. |
|
| 245 | 1 | 0 |
_aFinancial accounting IV : _bsubject no. 16 revision kit. |
| 260 |
_aNairobi : _bSUP, _c[2007. |
||
| 300 | _axi, 325 p. | ||
| 650 | 0 | _aAccounting. | |
| 908 | _a080114 | ||
| 942 |
_2lcc _cBK _hHF5635 _i.S776 2007 c. 1 |
||